Agriculture of the United States: Wheat and Flour /
This documentary, produced by Ford Motor Company, is about the process of growing wheat and turning it into flour.
| Format: | eBook |
|---|---|
| Language: | English |
| Language Notes: | In English. Original language in English. |
| Published: |
Detroit, MI :
Ford Motor Company,
1922.
|
| Series: | Ford Educational Library ;
40 |
| Subjects: | |
| Online Access: | Connect to this streaming video (Alexander Street Press) |
MARC
| Tag | First Indicator | Second Indicator | Subfields |
|---|---|---|---|
| LEADER | 00000cgm a2200000Mi 4500 | ||
| 001 | in00005571521 | ||
| 006 | m o c | ||
| 007 | cr |n||||||||| | ||
| 008 | 160329s1922 miu010 e o vueng d | ||
| 005 | 20241201232028.6 | ||
| 035 | |a (OCoLC)on1113509644 | ||
| 040 | |a UHL |b eng |e rda |c UHL | ||
| 019 | |a 1373460921 |a 1430873535 | ||
| 035 | |a (OCoLC)1113509644 |z (OCoLC)1373460921 |z (OCoLC)1430873535 | ||
| 049 | |a TXAM | ||
| 245 | 0 | 0 | |a Agriculture of the United States: Wheat and Flour / |c by Ford Motor Company. |
| 264 | 1 | |a Detroit, MI : |b Ford Motor Company, |c 1922. | |
| 300 | |a 1 online resource (10 minutes). | ||
| 306 | |a 000939 | ||
| 336 | |a two-dimensional moving image |b tdi |2 rdacontent | ||
| 337 | |a video |b v |2 rdamedia | ||
| 337 | |a computer |b c |2 rdamedia | ||
| 338 | |a other |b vz |2 rdacarrier | ||
| 338 | |a online resource |b cr |2 rdacarrier | ||
| 347 | |a data file |2 rda | ||
| 490 | 0 | |a Ford Educational Library ; |v 40 | |
| 500 | |a Title from resource description page (viewed March 29, 2016). | ||
| 520 | |a This documentary, produced by Ford Motor Company, is about the process of growing wheat and turning it into flour. | ||
| 546 | |a In English. | ||
| 546 | |a Original language in English. | ||
| 650 | 4 | |a World War I & Jazz Age (1914-1928) | |
| 650 | 4 | |a Flours and meal. | |
| 650 | 4 | |a Farm work. | |
| 650 | 4 | |a Wheat. | |
| 655 | 4 | |a Documentary. | |
| 856 | 4 | 0 | |u http://proxy.library.tamu.edu/login?url=https://www.aspresolver.com/aspresolver.asp?AVN2;2312456 |z Connect to this streaming video (Alexander Street Press) |t 0 |
| 955 | |a Alexander Street Press subscription streaming video | ||
| 994 | |a 92 |b TXA | ||
| 999 | f | f | |s 722e999e-a2bb-475d-8b96-c9d7cb32de8f |i bca2c32f-23fb-47bb-93e3-e6edb2757beb |t 0 |
| 952 | f | f | |a Texas A&M University |b College Station |c Electronic Resources |d Available Online |t 0 |h Library of Congress classification |
| 998 | f | f | |t 0 |l Available Online |